000 00430nam a2200181Ia 4500
005 20240823010347.0
008 240823s9999||||xx |||||||||||||| ||und||
041 _aENGLISH
082 _A604.2 N9
100 _aIlangovan V
245 0 _aEngineering Drawing wth AutoCad
250 _a1st
260 _c1999
_b"Anuradha,Kumbakonam"
500 _aTRANSFERED
650 _aAutoCad
_bMechanical
942 _cBK
999 _c158398
_d158398